000 00404nam a2200133Ia 4500
008 210430s9999 xx 000 0 und d
082 _a327 V7951 I
100 _aPaul R.V.Kauppi
245 _aInternational Relations World Politics: security, economy, Identity /
_cPaul R.V.Kauppi
250 _a3rd edition
260 _aIslamabad
_bNational Book Foundation
_c1992
300 _a584p
942 _cBK
_2ddc
999 _c563429
_d563429